| 000 | 00812nam a2200265 a 4500 | ||
|---|---|---|---|
| 001 | BRCA_5212 | ||
| 005 | 20190320205003.0 | ||
| 008 | 261110s1947----enka######---#000-0#eng-# | ||
| 041 | _aeng | ||
| 044 | _aenk | ||
| 050 | 4 |
_aNK2529 _b.G46 1947 |
|
| 245 | 1 | 0 |
_aGeorgian furniture _cintroduction by Ralph Edwards. |
| 260 |
_aLondres _bThe Ministry of Education, Victoria and Albert Museum _c1947 |
||
| 300 |
_a20 p. _bil., 163 láminas _c22 cm. |
||
| 440 | 0 |
_aLarge picture books _v1 _913344 |
|
| 500 | _aIncluye lista de ilustraciones | ||
| 500 | _aE46 | ||
| 650 | 1 | 4 |
_aMuebles gregorianos _913345 |
| 650 | 1 | 4 |
_aMuebles ingleses _99632 |
| 650 | 1 | 4 |
_aGalerías y museos _zInglaterra _913346 |
| 700 | 1 |
_aEdwards, Ralph _913347 |
|
| 710 | 2 |
_aVictoria and Albert Museum _913348 |
|
| 902 | _aGFM | ||
| 942 |
_2lcc _cB |
||
| 999 |
_c4906 _d4906 |
||